[Event "Xtracon Chess Open"]
[Site "Helsingor DEN"]
[Date "2019.07.28"]
[Round "10.48"]
[White "Salerno, Christian"]
[Black "Larsen, Karsten"]
[Result "0-1"]
[WhiteElo "2047"]
[BlackElo "2254"]
[EventDate "2019.07.20"]

1. e4 e5 2. Nf3 Nc6 3. Bc4 Bc5 4. b4 Bb6 5. O-O d6 6. a4 a6 7. c3 Nf6 8. d3
O-O 9. h3 h6 10. Re1 Re8 11. a5 Ba7 12. Nbd2 Nh5 13. Nf1 Qf6 14. Be3 Nf4
15. Ng3 g6 16. d4 h5 17. dxe5 dxe5 18. Bxa7 Nxa7 19. Re3 Rd8 20. Qb3 Nb5
21. h4 Be6 22. Ng5 Bxc4 23. Qxc4 Rd2 24. Rf3 Rad8 25. Nf1 R2d3 26. Ne3 Rxc3
27. Qa2 Nd4 28. Rxf4 Qxf4 29. g3 Qf6 30. Nd5 Rxd5 31. Qxd5 Rc2 32. Rf1 Nc6
33. f4 exf4 34. e5 Qe7 35. Rxf4 Nd8 36. Ne4 Ne6 37. Nf6+ Kg7 38. Re4 Qd8
39. Nd7 Nf8 40. e6 Nxe6 41. Rxe6 fxe6 42. Qd4+ Kf7 43. Kf1 Ke8 0-1

[Event "Xtracon Chess Open"]
[Site "Helsingor DEN"]
[Date "2019.07.28"]
[Round "10.49"]
[White "Nielsen, Viktor Haarmark"]
[Black "Buttkus, Andre"]
[Result "1-0"]
[WhiteElo "2254"]
[BlackElo "2024"]
[EventDate "2019.07.20"]

1. e4 c5 2. Nf3 g6 3. d4 cxd4 4. Nxd4 Bg7 5. c4 Nc6 6. Nc2 Nf6 7. Nc3 O-O
8. Be2 b6 9. Be3 Bb7 10. f3 Ne8 11. Qd2 Nd6 12. Rd1 Na5 13. b3 f5 14. exf5
Nxf5 15. Bf2 e6 16. O-O Rc8 17. Nd4 d5 18. Nxe6 1-0

[Event "Xtracon Chess Open"]
[Site "Helsingor DEN"]
[Date "2019.07.28"]
[Round "10.50"]
[White "Bach, Matthias"]
[Black "Holinka, Henning"]
[Result "1/2-1/2"]
[WhiteElo "2241"]
[BlackElo "2021"]
[EventDate "2019.07.20"]

1. b4 e5 2. Bb2 d6 3. e3 Be7 4. c4 Nf6 5. Nf3 O-O 6. d4 exd4 7. Qxd4 c5 8.
bxc5 Nc6 9. Qc3 dxc5 10. Be2 Qa5 11. O-O Qxc3 12. Nxc3 Bf5 13. Rfd1 Rfd8
14. Ne1 Rxd1 15. Bxd1 Be6 16. Be2 Na5 17. Nb5 Bxc4 18. Bxc4 Nxc4 19. Bxf6
gxf6 20. Rc1 Nb6 21. Rb1 Nd5 22. e4 Nb4 23. a3 Nc6 24. Nc7 Rb8 25. Nd5 b5
26. Nd3 c4 27. N3b4 Nxb4 28. axb4 Bd8 29. Ra1 Rb7 30. g4 Kg7 31. Kf1 Bb6
32. Ke2 Bd4 1/2-1/2

[Event "Xtracon Chess Open"]
[Site "Helsingor DEN"]
[Date "2019.07.28"]
[Round "10.51"]
[White "Bratholm, Palle"]
[Black "Matthiesen, Martin"]
[Result "1/2-1/2"]
[WhiteElo "2052"]
[BlackElo "2239"]
[EventDate "2019.07.20"]

1. d4 d5 2. c4 e6 3. Nc3 Nf6 4. Bg5 Be7 5. e3 O-O 6. cxd5 exd5 7. Bd3 c6 8.
Nf3 Nbd7 9. O-O Re8 10. Rb1 Nf8 11. b4 a6 12. a4 Ng6 13. Nh4 Nxh4 14. Bxh4
Ne4 15. Bxe7 Qxe7 16. Qc2 Bf5 17. Rfe1 Qg5 18. Nxe4 dxe4 19. Bf1 Re6 20.
Qc5 Rae8 21. b5 axb5 22. axb5 Rh6 23. g3 Qh5 24. h3 b6 25. g4 Rg6 26. Bg2
Bxg4 27. Qxh5 Bxh5 28. Kh2 f5 29. Rec1 Rc8 30. Rb2 Rd6 31. Rbc2 Be8 32. f3
exf3 33. Bxf3 c5 34. dxc5 bxc5 35. Rxc5 Rxc5 36. Rxc5 Rb6 37. Rxf5 g6 38.
Bd5+ Kg7 39. Rf2 Rxb5 40. e4 g5 41. h4 g4 42. Kg3 h5 43. Ra2 Rb1 1/2-1/2

[Event "Xtracon Chess Open"]
[Site "Helsingor DEN"]
[Date "2019.07.28"]
[Round "10.52"]
[White "Hinrichs, Lars"]
[Black "Andersson, Lars"]
[Result "1-0"]
[WhiteElo "2234"]
[BlackElo "1990"]
[EventDate "2019.07.20"]

1. e4 c6 2. d4 d5 3. e5 c5 4. dxc5 e6 5. a3 Nc6 6. Nf3 Bxc5 7. b4 Bb6 8.
Bb2 Nge7 9. Bd3 Ng6 10. O-O O-O 11. Re1 f6 12. exf6 gxf6 13. c4 dxc4 14.
Bxc4 Qxd1 15. Rxd1 Nge5 16. Nxe5 Nxe5 17. Bb3 Nc6 18. Nc3 Nd4 19. Bc4 Nc6
20. Ne4 Bd8 21. Nd6 Kg7 22. Nxc8 Rxc8 23. Bxe6 Rc7 24. Kf1 Re8 25. Bd7 Rf8
26. f4 Nb8 27. Bf5 Be7 28. Rac1 Rxc1 29. Rxc1 Bd6 30. g3 Nc6 31. Be4 Nd8
32. Rd1 Bc7 33. Rd7+ Rf7 34. Rxf7+ Kxf7 35. Bxh7 1-0

[Event "Xtracon Chess Open"]
[Site "Helsingor DEN"]
[Date "2019.07.28"]
[Round "10.53"]
[White "Patrik Nilsson 1932"]
[Black "Jaksland, Tim"]
[Result "1/2-1/2"]
[WhiteElo "1932"]
[BlackElo "2230"]
[EventDate "2019.07.20"]

1. e4 c5 2. Nf3 d6 3. d4 cxd4 4. Nxd4 Nf6 5. Nc3 a6 6. Bg5 Nbd7 7. Bc4 Qb6
8. Bb3 e6 9. O-O Be7 10. Be3 Nc5 11. f4 Qc7 12. e5 dxe5 13. fxe5 Qxe5 14.
Qf3 O-O 15. Rad1 Qh5 16. Qxh5 Nxh5 17. Bc4 Nf6 18. Be2 Bd7 19. Bf3 e5 20.
Nb3 Nxb3 21. axb3 Bc6 22. Bxc6 bxc6 23. Rfe1 Ng4 24. Na4 Rfd8 25. Bb6 Rxd1
26. Rxd1 Nf6 27. Kf1 Nd5 28. Ra1 f6 29. Ke2 Kf7 30. g3 f5 31. Bc5 Bd8 32.
c4 Nf6 33. Rd1 Bc7 34. Bd6 Rc8 35. Nc5 a5 36. Nb7 Ke6 37. Bxc7 Rxc7 38.
Nxa5 c5 39. Rd8 e4 40. Rb8 g5 41. Rb6+ Kf7 42. Nb7 Nd7 43. Nd6+ Ke6 44. Ra6
Nb8 45. Rb6 Rc6 46. Rxb8 Rxd6 47. Re8+ Kf6 48. Rf8+ Ke5 49. Re8+ Kd4 50.
Rf8 Rb6 51. Rd8+ Ke5 52. Rd5+ Ke6 53. Rxc5 Rxb3 54. Rc6+ Kf7 55. Rc7+ Kg6
56. Rc6+ Kh5 57. Rc5 Rxb2+ 58. Ke3 Rb3+ 59. Ke2 Kg4 60. h3+ Kxh3 61. Rxf5
Kg4 62. Re5 Rxg3 63. Rxe4+ Kf5 64. Re7 h5 65. c5 Rc3 66. Rc7 h4 67. Kd2 Ra3
68. c6 Kg4 69. Rd7 Ra2+ 70. Kc3 Ra6 71. Rd4+ Kg3 72. Rd3+ Kg4 73. Rd4+ Kh5
74. c7 Rc6+ 75. Rc4 Rxc7 76. Rxc7 Kg4 77. Kd3 Kg3 78. Ke3 h3 79. Rc2 h2 80.
Rc1 g4 81. Ra1 Kg2 82. Ra2+ Kh3 83. Ra1 Kg3 84. Rb1 Kg2 85. Rb2+ Kh3 86.
Rb1 Kg2 87. Rb2+ Kg3 88. Rb1 Kg2 89. Rb2+ 1/2-1/2

[Event "Xtracon Chess Open"]
[Site "Helsingor DEN"]
[Date "2019.07.28"]
[Round "10.54"]
[White "Jorgensen, Brian Jorgen"]
[Black "Baliuniene, Margarita"]
[Result "1-0"]
[WhiteElo "2251"]
[BlackElo "1917"]
[EventDate "2019.07.20"]

1. d4 d5 2. Bf4 Nf6 3. e3 e6 4. Nd2 c5 5. c3 Nc6 6. Ngf3 Bd6 7. Bg3 Qe7 8.
Ne5 O-O 9. Bd3 Bd7 10. f4 c4 11. Bc2 b5 12. Bh4 Qe8 13. Bxf6 gxf6 14. Qh5
f5 15. Qg5+ Kh8 16. Qf6+ Kg8 17. g4 Nxe5 18. fxe5 Be7 19. Qh6 Kh8 20. gxf5
exf5 21. Rg1 Rg8 22. O-O-O Rg6 23. Qh5 Qc8 24. Nf3 a5 25. Rg3 Raa6 26. Rh3
Rh6 27. Qxh6 Rxh6 28. Rxh6 b4 29. Rg1 bxc3 30. bxc3 Be6 31. Ng5 Bxg5 32.
Rxg5 Qf8 33. Rh3 Qa3+ 34. Kd2 Qxa2 35. Rhg3 f6 36. exf6 Qa3 37. Bxf5 Bf7
38. Rg7 Qb2+ 39. Bc2 Bg6 40. R3xg6 hxg6 41. Rxg6 Qb8 42. f7 1-0

[Event "Xtracon Chess Open"]
[Site "Helsingor DEN"]
[Date "2019.07.28"]
[Round "10.55"]
[White "Thaler, Toni"]
[Black "Grove, Peter"]
[Result "1-0"]
[WhiteElo "2070"]
[BlackElo "2239"]
[EventDate "2019.07.20"]

1. d4 Nf6 2. c4 c5 3. d5 b5 4. cxb5 a6 5. b6 g6 6. Nc3 Bg7 7. e4 d6 8. a4
Qxb6 9. Nf3 O-O 10. a5 Qb7 11. Nd2 e6 12. Nc4 exd5 13. exd5 Qe7+ 14. Be2
Nbd7 15. O-O Bb7 16. Bf4 Ne8 17. Re1 Ne5 18. Qd2 f5 19. Bf1 Nxc4 20. Bxc4
Qf7 21. Re6 Rd8 22. Rae1 Bf6 23. Bg5 Bxg5 24. Qxg5 Nc7 25. Re7 Rde8 26. Kf1
h6 27. Rxf7 1-0

[Event "Xtracon Chess Open"]
[Site "Helsingor DEN"]
[Date "2019.07.28"]
[Round "10.56"]
[White "Eriksson, Jorgen"]
[Black "Sidali, Elias Hulleberg"]
[Result "1-0"]
[WhiteElo "2211"]
[BlackElo "2041"]
[EventDate "2019.07.20"]

1. d4 Nf6 2. Bg5 d5 3. e3 c5 4. c3 e6 5. Nd2 Nbd7 6. Ngf3 h6 7. Bh4 Bd6 8.
Bd3 Qc7 9. Qe2 e5 10. dxe5 Nxe5 11. Nxe5 Bxe5 12. Bb5+ Nd7 13. Nf3 O-O 14.
Nxe5 Nxe5 15. Bg3 c4 16. Ba4 Bf5 17. Bc2 Bxc2 18. Qxc2 Qe7 19. Bxe5 Qxe5
20. O-O Rfd8 21. Rad1 Rd6 22. Rd4 Rad8 23. Rfd1 Qe6 24. g3 Qd7 25. e4 Qc6
26. Qd2 Qa4 27. a3 Rb6 28. Rxd5 Rxd5 29. exd5 Rxb2 30. Qd4 Rb6 31. d6 Qd7
32. a4 Rc6 33. Qxa7 Rc8 34. Qa5 Rc6 35. Qb5 Kf8 36. a5 Kg8 37. a6 Qd8 38.
axb7 Rb6 39. Qxb6 Qxb6 40. d7 1-0

[Event "Xtracon Chess Open"]
[Site "Helsingor DEN"]
[Date "2019.07.28"]
[Round "10.57"]
[White "Gregor, Bjarke"]
[Black "Kvaloy, Aksel Bu"]
[Result "0-1"]
[WhiteElo "2064"]
[BlackElo "2205"]
[EventDate "2019.07.20"]

1. e4 g6 2. d4 Bg7 3. Nf3 d6 4. Nc3 a6 5. a4 Nf6 6. h3 O-O 7. Be3 Nc6 8.
Be2 e5 9. Qd2 b6 10. d5 Ne7 11. Rd1 a5 12. Bh6 Kh8 13. Bxg7+ Kxg7 14. g4 h5
15. g5 Nd7 16. Nh4 Nc5 17. f4 exf4 18. Qxf4 Ng8 19. Rg1 Qe7 20. Rd2 Bd7 21.
Bxh5 gxh5 22. g6 f5 23. Re2 0-1

[Event "Xtracon Chess Open"]
[Site "Helsingor DEN"]
[Date "2019.07.28"]
[Round "10.58"]
[White "Cramling Bellon, Anna"]
[Black "Kunz, Andre"]
[Result "1-0"]
[WhiteElo "2030"]
[BlackElo "2163"]
[EventDate "2019.07.20"]

1. d4 d5 2. c4 dxc4 3. Nf3 Nf6 4. e3 b5 5. a4 b4 6. Bxc4 e6 7. Qc2 Bb7 8.
Nbd2 Be7 9. O-O O-O 10. e4 c5 11. dxc5 Nfd7 12. Nb3 Qc7 13. Be3 Rc8 14.
Rac1 Qc6 15. Na5 Qc7 16. Nb3 Bxc5 17. Bb5 Bd6 18. Qd2 Nc6 19. Rfd1 Nde5 20.
Qxd6 Qxd6 21. Rxd6 Nxf3+ 22. gxf3 Ne5 23. Rxc8+ Rxc8 24. Kg2 g5 25. Nc5 Ba8
26. Ba6 Re8 27. Bxg5 Kg7 28. Rd8 Rxd8 29. Bxd8 f5 30. Nxe6+ Kf7 31. Nc7 Bc6
32. Bb5 Bb7 33. exf5 Nxf3 34. Kg3 Nd4 35. Kf4 Bc8 36. Bc4+ 1-0

[Event "Xtracon Chess Open"]
[Site "Helsingor DEN"]
[Date "2019.07.28"]
[Round "10.59"]
[White "Lauritsen, Niels"]
[Black "Nilssen, Ellen Fredericia"]
[Result "1/2-1/2"]
[WhiteElo "2011"]
[BlackElo "2155"]
[EventDate "2019.07.20"]

1. d4 Nf6 2. Nc3 d5 3. Bg5 Nbd7 4. Nf3 h6 5. Bf4 a6 6. e3 e6 7. Bd3 Be7 8.
h3 c5 9. O-O b5 10. Re1 b4 11. Nb1 c4 12. Bf1 Bb7 13. Ne5 O-O 14. c3 a5 15.
Nd2 Nb6 16. Ng4 Rc8 17. Nxf6+ Bxf6 18. e4 dxe4 19. Nxe4 Bxe4 20. Rxe4 Nd5
21. Bd2 Qd7 22. Qh5 Bd8 23. Qf3 Kh8 24. Rae1 bxc3 25. bxc3 Be7 26. Re5 Bf6
1/2-1/2

[Event "Xtracon Chess Open"]
[Site "Helsingor DEN"]
[Date "2019.07.28"]
[Round "10.60"]
[White "Fossan, Aleksander"]
[Black "Knudsen, Ole"]
[Result "1-0"]
[WhiteElo "2155"]
[BlackElo "1969"]
[EventDate "2019.07.20"]

1. e4 d5 2. exd5 Nf6 3. d4 Bg4 4. f3 Bf5 5. Bb5+ Nbd7 6. c4 a6 7. Bxd7+
Qxd7 8. Ne2 e6 9. dxe6 Qxe6 10. c5 Rd8 11. Qa4+ Qc6 12. Qxc6+ bxc6 13. Nbc3
Be7 14. Bf4 Kd7 15. Kf2 Nd5 16. Nxd5 cxd5 17. h4 h5 18. c6+ Kc8 19. Rac1
Bd3 20. Rc3 Bxe2 21. Kxe2 Bd6 22. Be3 Rhe8 23. Kd3 Re6 24. Bd2 Bb4 25. Rcc1
Bxd2 26. Kxd2 Rdd6 27. Rc5 Rg6 28. Rg1 Rg3 29. Ke3 Rgg6 30. Kd3 Rg3 31. b3
f5 32. Ke3 Rgg6 33. Kf4 Rgf6 34. Rgc1 g6 35. a4 Kb8 36. b4 Rfe6 37. b5 a5
38. Rb1 Ka8 39. b6 1-0

[Event "Xtracon Chess Open"]
[Site "Helsingor DEN"]
[Date "2019.07.28"]
[Round "10.61"]
[White "Schrodt, Sebastian"]
[Black "Gallagher, Daniel"]
[Result "0-1"]
[WhiteElo "2002"]
[BlackElo "2153"]
[EventDate "2019.07.20"]

1. Nf3 g6 2. c4 Bg7 3. Nc3 d6 4. g3 e5 5. Bg2 Nc6 6. O-O f5 7. d3 Nf6 8.
Nd5 Nxd5 9. cxd5 Ne7 10. Qb3 h6 11. Bd2 O-O 12. Rac1 Kh7 13. Ba5 b6 14. Bd2
Bb7 15. e4 Qd7 16. Rc2 c5 17. dxc6 Bxc6 18. exf5 gxf5 19. Rfc1 Ba4 20. Rc7
Qxc7 21. Qxa4 Qd8 22. Bg5 hxg5 23. Nxg5+ Kg6 24. Ne6 Rc8 25. Bc6 Rxc6 26.
Rxc6 Qd7 27. Nxf8+ Bxf8 28. Qc4 Nxc6 29. Qg8+ Bg7 30. h4 Nd4 31. h5+ Kh6
32. Kh2 f4 33. gxf4 Qg4 0-1

[Event "Xtracon Chess Open"]
[Site "Helsingor DEN"]
[Date "2019.07.28"]
[Round "10.62"]
[White "Digernes, Magnus"]
[Black "Ask, Josef"]
[Result "1-0"]
[WhiteElo "1997"]
[BlackElo "2149"]
[EventDate "2019.07.20"]

1. d4 Nf6 2. c4 g6 3. Nc3 Bg7 4. e4 d6 5. Nf3 O-O 6. h3 Na6 7. Bg5 Qe8 8.
g4 e5 9. d5 Kh8 10. Be2 Ng8 11. a3 f5 12. gxf5 gxf5 13. Nh4 Ne7 14. Bh5 Qd7
15. Rg1 Nc5 16. f3 a5 17. Qc2 a4 18. O-O-O Nb3+ 19. Kb1 Nd4 20. Qd2 Ng8 21.
exf5 Nxf5 22. Ne4 Ra6 23. Rg4 Nd4 24. Rdg1 Rb6 25. Bf6 Nxf6 26. Nxf6 Qe7
27. Rxg7 Qxf6 28. Qg2 Qd8 29. Bf7 h6 30. Rh7+ 1-0

[Event "Xtracon Chess Open"]
[Site "Helsingor DEN"]
[Date "2019.07.28"]
[Round "10.64"]
[White "Magnussen, Pal"]
[Black "Jorgensen, Dennis"]
[Result "0-1"]
[WhiteElo "1985"]
[BlackElo "2140"]
[EventDate "2019.07.20"]

1. e4 g6 2. d4 Bg7 3. Nf3 c6 4. Nc3 d5 5. Be3 dxe4 6. Nxe4 Nd7 7. Qd2 Nb6
8. Be2 Qd5 9. Nc3 Qe6 10. O-O Nf6 11. Rfe1 Nc4 12. Bxc4 Qxc4 13. Bh6 Bxh6
14. Qxh6 Be6 15. Ne5 Qb4 16. Qe3 Rd8 17. Rad1 O-O 18. Ne4 Nxe4 19. Qxe4 Rd6
20. c3 Qxb2 21. Re3 Qxa2 22. Rg3 Bd5 23. Qd3 Bb3 24. Re1 Qc2 25. Qe3 f6 26.
Nxg6 hxg6 27. Qh6 Re6 28. Rc1 Kf7 29. h4 Qf5 30. Qh7+ Ke8 31. Rxg6 Re2 32.
Rf1 Bf7 33. Rg7 Qxh7 34. Rxh7 a5 35. Ra1 b6 36. g3 Bb3 37. Kf1 Bc4 38. Kg1
Bb3 39. Kf1 Rd2 40. Re1 Bc4+ 41. Kg1 Re2 42. Ra1 Rg8 43. Kg2 Bd3 44. Rh5
Bg6 45. Rh6 Kf7 46. h5 Be4+ 47. Kf1 Bd3 0-1

[Event "Xtracon Chess Open"]
[Site "Helsingor DEN"]
[Date "2019.07.28"]
[Round "10.66"]
[White "Guindy, Esmat Susanne"]
[Black "Skovgaard, Tom"]
[Result "1/2-1/2"]
[WhiteElo "2132"]
[BlackElo "1954"]
[EventDate "2019.07.20"]

1. Nf3 d5 2. d4 Nf6 3. c4 e6 4. Nc3 Be7 5. Bg5 Nbd7 6. e3 h6 7. Bh4 O-O 8.
Qc2 c5 9. cxd5 Nxd5 10. Bxe7 Qxe7 11. Nxd5 exd5 12. dxc5 Nxc5 13. Be2 Bg4
14. Nd4 Bxe2 15. Qxe2 Ne6 16. Qd2 Qc5 17. Rd1 Nxd4 18. Qxd4 Qa5+ 19. b4
Qxa2 20. O-O a5 21. Ra1 Qc4 22. bxa5 Rfc8 23. Qb6 Rc5 24. Qxb7 Raxa5 25.
Rxa5 Rxa5 26. Qb8+ Kh7 27. Qb7 Kg8 28. Qe7 Qc8 29. h3 Rc5 30. Qe5 Qe6 31.
Qb8+ Rc8 32. Qb3 Qf5 33. Rd1 Rc2 34. Qb8+ Kh7 35. Qg3 g6 36. Rd4 Rc1+ 37.
Kh2 Rc4 38. Rd2 Kg7 39. Qd6 h5 40. Qxd5 Qxd5 41. Rxd5 Rc2 42. Kg3 Rc4 43.
Rd4 Rc2 44. Kf3 Rb2 45. Rd3 Rb4 46. Kg3 Ra4 47. Rd5 Rb4 48. f4 f5 49. Kf3
Kf6 50. Rd6+ Kf7 51. g4 hxg4+ 52. hxg4 Ra4 53. Rb6 Ra7 54. Kg3 Re7 55. gxf5
gxf5 56. Kh4 Rxe3 57. Kg5 Ra3 58. Kxf5 Ra5+ 59. Kg4 Rc5 60. Rb7+ Kf6 61.
Rb6+ Kf7 62. f5 Rc1 63. Rb7+ Kf6 64. Rb6+ 1/2-1/2

[Event "Xtracon Chess Open"]
[Site "Helsingor DEN"]
[Date "2019.07.28"]
[Round "10.67"]
[White "Lilja, Richard"]
[Black "Mehringer, Joerg"]
[Result "1-0"]
[WhiteElo "2126"]
[BlackElo "1923"]
[EventDate "2019.07.20"]

1. e4 e5 2. Bc4 Nf6 3. d4 exd4 4. Nf3 Nxe4 5. Qxd4 Qe7 6. O-O Nc6 7. Qd1
Qc5 8. Bd5 Nf6 9. Re1+ Be7 10. Bxc6 dxc6 11. b3 O-O 12. Ba3 1-0

[Event "Xtracon Chess Open"]
[Site "Helsingor DEN"]
[Date "2019.07.28"]
[Round "10.68"]
[White "Huse, Sigurd Kjelsbol"]
[Black "Rygg, Andreas Gangstad"]
[Result "1/2-1/2"]
[WhiteElo "2122"]
[BlackElo "1923"]
[EventDate "2019.07.20"]

1. e4 c5 2. Nf3 g6 3. d4 cxd4 4. Nxd4 Nc6 5. c4 Nf6 6. Nc3 Nxd4 7. Qxd4 d6
8. f3 Bg7 9. Be3 O-O 10. Qd2 Be6 11. Be2 a5 12. Na4 Nd7 13. O-O Qc7 14.
Rac1 Nc5 15. Nc3 a4 16. Rb1 Qa5 17. Rfc1 Rfc8 18. Qc2 Nd7 19. Nb5 Ne5 20.
b3 axb3 21. axb3 Nc6 22. Qd1 Nb4 23. Kh1 Bd7 24. Bd2 Bxb5 25. cxb5 Qa3 26.
Bc4 Na2 27. Rc2 Nb4 28. Bxb4 Qxb4 29. Qd5 e6 30. Qxb7 Qc5 31. Bd3 Bc3 32.
Rbc1 Ra7 33. b4 Rxb7 34. bxc5 Bd4 35. cxd6 Rd8 36. Rc7 Rb6 37. d7 Rd6 38.
e5 Bxe5 39. Be4 R6xd7 40. Rxd7 Rxd7 41. b6 f5 42. Bc6 Rd8 43. g3 Kf7 44. b7
Ke7 45. f4 Bb8 46. Re1 Rd6 47. Bf3 Rb6 48. Kg2 Rb2+ 49. Re2 Rxe2+ 50. Bxe2
e5 51. Kf3 exf4 52. gxf4 Kf6 53. h4 h6 54. Bb5 g5 55. fxg5+ hxg5 56. h5 Kg7
57. Be8 Kh6 58. Bg6 Bc7 59. Ke3 g4 60. Bxf5 1/2-1/2

[Event "Xtracon Chess Open"]
[Site "Helsingor DEN"]
[Date "2019.07.28"]
[Round "10.70"]
[White "Rolvag, Mikael"]
[Black "Arndt, Uwe"]
[Result "1-0"]
[WhiteElo "2119"]
[BlackElo "1922"]
[EventDate "2019.07.20"]

1. e4 c6 2. d4 d5 3. e5 c5 4. dxc5 e6 5. a3 Bxc5 6. b4 Bb6 7. Nf3 Ne7 8.
Bb2 O-O 9. Bd3 Ng6 10. g3 Nc6 11. O-O f6 12. exf6 gxf6 13. c4 dxc4 14. Bxc4
Qxd1 15. Rxd1 Nge5 16. Be2 Ng4 17. Rf1 e5 18. Nbd2 a6 19. Nc4 Ba7 20. Nd6
b5 21. Rac1 Bd7 22. Nh4 Nh6 23. Bf3 Bd4 24. Rc2 Bxb2 25. Rxb2 Ra7 26. Bd5+
Kg7 27. Ne4 Nd4 28. Nc5 Bh3 29. Bg2 Bxg2 30. Kxg2 Kf7 31. Rd2 Nhf5 32. Nxf5
Nxf5 33. Re1 Re8 34. Red1 Nd4 35. f4 a5 36. fxe5 fxe5 37. Rf1+ Kg7 38. Re1
Kf7 39. Re4 axb4 40. axb4 Ree7 41. Nd3 Nc6 42. Rc2 Ra6 43. Rc5 Ra2+ 44. Kh3
Rd7 45. Rxc6 Rxd3 46. Rxe5 Rdd2 47. Rxb5 Rxh2+ 48. Kg4 Ra7 49. Rcb6 Rb2 50.
Rb7+ Rxb7 51. Rxb7+ Kg6 52. Rb6+ Kf7 53. Kg5 Rb3 54. g4 Rb1 55. Rb7+ Kg8
56. b5 Rb2 57. b6 Rb1 58. Kf6 Rf1+ 59. Ke6 Re1+ 60. Kd7 Rd1+ 61. Kc8 Rb1
62. Rb8 Rb4 63. Kc7+ Kg7 64. Rd8 Rc4+ 65. Kb8 Rxg4 66. b7 Rb4 67. Rd7+ Kg6
68. Kc8 h5 69. Rd5 Rc4+ 70. Kd7 Rb4 71. Kc7 h4 72. b8=Q Rxb8 73. Kxb8 h3
74. Kc7 h2 75. Rd1 1-0

[Event "Xtracon Chess Open"]
[Site "Helsingor DEN"]
[Date "2019.07.28"]
[Round "10.71"]
[White "Fjallheim, Leif Reinert"]
[Black "Thybo, Thomas Sondergaard"]
[Result "1/2-1/2"]
[WhiteElo "1883"]
[BlackElo "2104"]
[EventDate "2019.07.20"]

1. d4 d5 2. Bf4 Nf6 3. e3 e6 4. Nf3 Bd6 5. Bg3 c5 6. c3 Qc7 7. Nbd2 Nbd7 8.
Bd3 e5 9. dxe5 Nxe5 10. Nxe5 Bxe5 11. Nf3 Bxg3 12. hxg3 Bd7 13. Qc2 Bc6 14.
b4 b6 15. a4 g6 16. a5 O-O 17. O-O Rfd8 18. Ra3 d4 19. cxd4 cxb4 20. axb6
Qb7 21. Rxa7 Qxb6 22. Rxa8 Rxa8 23. Rb1 Ra3 24. Ne5 Bd5 25. Nc4 Bxc4 26.
Qxc4 b3 27. Qc5 Qxc5 28. dxc5 b2 29. Bf1 Rc3 1/2-1/2

[Event "Xtracon Chess Open"]
[Site "Helsingor DEN"]
[Date "2019.07.28"]
[Round "10.72"]
[White "Rendlev, Niels Moller"]
[Black "Hyldkrog, Lars"]
[Result "0-1"]
[WhiteElo "1721"]
[BlackElo "1932"]
[EventDate "2019.07.20"]

1. f4 d5 2. Nf3 Nf6 3. g3 g6 4. Bg2 Bg7 5. d3 O-O 6. O-O c5 7. Nc3 Nc6 8.
e4 d4 9. Ne2 Bg4 10. h3 Bxf3 11. Bxf3 e5 12. f5 b5 13. g4 Nd7 14. Ng3 Bf6
15. Kg2 Bh4 16. Bh6 Re8 17. Qd2 g5 18. Nh5 f6 19. Ng7 Re7 20. Ne6 Qb6 21.
Be2 Nd8 22. Nxd8 Qxd8 23. Rf3 Nb8 24. a4 Qb6 25. a5 Qc7 26. b4 a6 27. c3
Nc6 28. cxd4 exd4 29. Qa2+ Kh8 30. bxc5 Ne5 31. Qb2 Nxf3 32. Bxf3 Qg3+ 0-1

[Event "Xtracon Chess Open"]
[Site "Helsingor DEN"]
[Date "2019.07.28"]
[Round "10.73"]
[White "Haugaard, Thomas"]
[Black "Jacobsen, Per"]
[Result "1-0"]
[WhiteElo "1690"]
[BlackElo "1530"]
[EventDate "2019.07.20"]

1. d4 d5 2. c4 c6 3. Nf3 e6 4. Nc3 f5 5. Bf4 Nf6 6. e3 Be7 7. Bd3 O-O 8.
Qc2 Nbd7 9. h3 Ne4 10. O-O-O a6 11. g4 b5 12. c5 b4 13. Na4 Qa5 14. Ne5
Nxe5 15. Bxe5 Nxf2 16. gxf5 Nxh1 17. Nb6 Ra7 18. Qg2 Bf6 19. Nxc8 Bxe5 20.
Nxa7 Bb8 21. Nxc6 Qxa2 22. Nxb8 Rxb8 23. Rxh1 Qa1+ 24. Bb1 exf5 25. Qxd5+
Kh8 26. Qxf5 g6 27. Qe5+ 1-0

[Event "Xtracon Chess Open"]
[Site "Helsingor DEN"]
[Date "2019.07.28"]
[Round "10.74"]
[White "Dew, Brian"]
[Black "Kittilsen, Sigurd"]
[Result "1-0"]
[WhiteElo "2094"]
[BlackElo "1894"]
[EventDate "2019.07.20"]

1. e4 c5 2. Nf3 g6 3. c3 Bg7 4. d4 cxd4 5. cxd4 d5 6. e5 Bg4 7. Bb5+ Nc6 8.
Bxc6+ bxc6 9. Nbd2 c5 10. dxc5 Qc7 11. Qa4+ Bd7 12. Qd4 e6 13. O-O Ne7 14.
Re1 O-O 15. Nb3 a5 16. Bf4 a4 17. Nbd2 Rfc8 18. b4 axb3 19. Nxb3 Ba4 20.
Rac1 Bxb3 21. axb3 Rab8 22. Qd3 Nc6 23. h4 Rb4 24. Bd2 Rb7 25. Rb1 Nxe5 26.
Nxe5 Bxe5 27. b4 Bf6 28. Rec1 Qe5 29. b5 Bd8 30. Be3 Bxh4 31. c6 Rbb8 32.
b6 Bd8 33. b7 Rc7 34. Ba7 Re7 35. Qg3 Qxg3 36. fxg3 Bc7 37. Bxb8 Bxb8 38.
Ra1 Bxg3 39. Ra8+ Kg7 40. b8=Q Bxb8 41. Rxb8 1-0

[Event "Xtracon Chess Open"]
[Site "Helsingor DEN"]
[Date "2019.07.28"]
[Round "10.75"]
[White "Sandbech, Ted Henrik"]
[Black "Gade, Jens"]
[Result "1-0"]
[WhiteElo "1687"]
[BlackElo "1528"]
[EventDate "2019.07.20"]

1. Nf3 d5 2. d4 Nf6 3. c4 e6 4. Nc3 Be7 5. Bg5 O-O 6. e3 c5 7. Be2 cxd4 8.
exd4 dxc4 9. Bxc4 Re8 10. O-O a6 11. Qd2 Bd7 12. Rad1 b5 13. Bd3 Nc6 14. a3
h6 15. Bf4 Nd5 16. Nxd5 exd5 17. Bxh6 gxh6 18. Qxh6 Bf8 19. Qh7# 1-0

[Event "Xtracon Chess Open"]
[Site "Helsingor DEN"]
[Date "2019.07.28"]
[Round "10.76"]
[White "Shehzad, Shazil"]
[Black "Ashwin, Hariharan"]
[Result "1-0"]
[WhiteElo "2088"]
[BlackElo "1881"]
[EventDate "2019.07.20"]

1. e4 c5 2. Nf3 Nc6 3. Bb5 g6 4. O-O Bg7 5. Re1 Nf6 6. e5 Nd5 7. Nc3 Nc7 8.
Bxc6 dxc6 9. Ne4 Ne6 10. d3 O-O 11. Be3 b6 12. Qd2 Nd4 13. Nxd4 cxd4 14.
Bh6 c5 15. Qf4 Bb7 16. h4 Qd5 17. Bxg7 Kxg7 18. f3 c4 19. h5 cxd3 20. cxd3
Ba6 21. Rad1 Rac8 22. Rd2 Qxa2 23. Qh4 Rc7 24. Kf2 h6 25. f4 Qe6 26. g4 Bc8
27. Kg3 g5 28. fxg5 Qxe5+ 29. Kh3 hxg5 30. Nxg5 Qf6 31. Rf2 Qh6 32. Kh2 f6
33. Ne4 Rh8 34. Rg1 Bb7 35. g5 Qxh5 36. gxf6+ Kf7 37. fxe7+ Ke6 38. Rf6+
Kxe7 39. Rg7+ Ke8 40. Nd6+ Kd8 1-0